000 00542nam a2200181Ia 4500
001 24288
005 20260414151033.0
008 260414t2020||||xx |||||||||||||| ||spa||
041 _aESP
082 _a345.2
_bP42M
100 _aPeña Cabrera Freyre, Alonso Raúl
_eAUT
245 0 _aLas medidas de coerción y la prisión preventiva en el proceso penal :
_bdesde un estudio procesal constitucional y convencional
260 _c2020
300 _a487 páginas :
_c25 cm.
650 _aDER
654 _aCDE
942 _cLIB
_dJUS
_fJUS
_2ddc
_n
999 _c24288
_d24288